000 00673nam a2200217Ii 4500
003 JO-AjNU
008 230606s9999||||xx |||||||||||||| ||und||
020 _a978-0-19-430911-0
040 _aJO-AjNU
_beng
_erda
_cJO-AjNU
041 _aeng
050 1 4 _aPE1128.E28 2006
100 3 _aEastwood,John تاليف,
_eauthor
_91980
245 0 0 _aOxford Practice Grammar :Intermediate With answers
250 _a1 ed
264 3 1 _aNew York:Oxford University Press,2006
300 _a439p
336 _atext
_btxt
_2rdacontent
337 _aunmediated
_bn
_2rdamedia
338 _avolume
_bnc
_2rdacarrier
650 4 _aOxford Practice Grammar -Intermediate With answers
_91981
999 _aE1041
_c1041
_d1041